| 000 | 01221ny a22002893n 4500 | ||
|---|---|---|---|
| 005 | 20240305165313.0 | ||
| 008 | 080618s2005 sp s 000 0 spa c | ||
| 020 | _a8497727126 | ||
| 035 | _a1277 | ||
| 040 |
_aUMA.RE _dvLex |
||
| 080 | _a347.626:368.91(460)(0.034 | ||
| 080 | _a368.91:347.626(460)(0.034) | ||
| 090 |
_c176 _d176 |
||
| 100 | 1 | _aFraticelli Torres, Migdalia | |
| 245 | 1 | 3 |
_aLa incidencia del régimen de gananciales en el contrato de seguro de vida _h[Recurso electrónico] _cMigdalia Fraticelli Torres |
| 256 | _aServicio en línea | ||
| 260 |
_a[Madrid] : _bDykinson, _c2005 |
||
| 506 | 1 |
_aContenido solo disponible en los productos indicados _dvLex Global _dvLex Global (Academic Edition, excluding Law Schools) _dvLex Global (U.S. Academic Edition, Law Schools) _dvLex Global (U.S. Academic Edition, excluding Law Schools) _dvLex Global (Academic Edition, Law Schools) |
|
| 650 | 0 | 7 |
_aSociedad de gananciales _2Tesauro vLex |
| 650 | 0 | 7 |
_aFamilia _2Tesauro vLex |
| 650 | 0 | 7 |
_aSeguros _2Tesauro vLex |
| 650 | 0 | 7 |
_aMercantil _2Tesauro vLex |
| 650 | 0 | 7 |
_aSeguro de vida _2Tesauro vLex |
| 740 | 0 | _avLex Libros (Servicios en línea) | |
| 856 | 4 | 0 | _uhttps://app.vlex.com/#/sources/1277 |
| 942 | _cRAA | ||
| 999 |
_c158713 _d158713 |
||